书目信息 |
| 题名: |
电磁辐射与散射问题的矩量法
|
|
| 作者: | 李世智 编著 | |
| 分册: | ||
| 出版信息: | 北京 电子工业出版社 1985.3 |
|
| 页数: | 271页 | |
| 开本: | 20cm | |
| 丛书名: | ||
| 单 册: | ||
| 中图分类: | O451 | |
| 科图分类: | ||
| 主题词: | 无线电物理学 | |
| 电子资源: | ||
| ISBN: | ||
| 000 | 00539nam0 2200181 45 | |
| 001 | 0312221749 | |
| 005 | 20060722153202.96 | |
| 010 | @dCNY2.40 | |
| 100 | @a20031222d1985 km y0chiy0120 ea | |
| 101 | @achi | |
| 200 | 1 | @a电磁辐射与散射问题的矩量法@ADian Ci Fu She Yu San She Wen Ti De Ju Liang Fa@f李世智编著@FLi Shi Zhi Bian Zhu |
| 210 | @a北京@c电子工业出版社@d1985.3 | |
| 215 | @a271页@d20cm | |
| 606 | 0 | @a无线电物理学 |
| 690 | @aO451@v3 | |
| 701 | 0 | @a李世智@4编著 |
| 801 | @aCN@bTSTCL@c20060722 | |
| 905 | @a213230@dO451@e2@b168975-978@f4 | |
| 电磁辐射与散射问题的矩量法/李世智编著.-北京:电子工业出版社,1985.3 |
| 271页;20cm |
| ISBN :CNY2.40 |
| ● |
| 相关链接 |
|
|
|
|
正题名:电磁辐射与散射问题的矩量法
索取号:O451/2
 
预约/预借
| 序号 | 登录号 | 条形码 | 馆藏地/架位号 | 状态 | 备注 |
| 1 | 0168975 | 001454599 | 第三借阅区/ [索取号:O451/2] | 在馆 | |
| 2 | 0168976 | 001454553 | 第三借阅区/ [索取号:O451/2] | 在馆 | |
| 3 | 0168977 | 001454580 | 第三借阅区/ [索取号:O451/2] | 在馆 | |
| 4 | 0168978 | 001454544 | 第二样本阅览室/ [索取号:O451/2] | 在馆 | |
| 5 | 0438131 | 204381310 | 密集书库/ [索取号:O451/2] | 在馆 |